[Event "43. Olimpiada Batumi 2018 Femenina"]
[Site "Batumi GEO"]
[Date "2018.09.27"]
[Round "4.3"]
[White "Di Benedetto, Desiree"]
[Black "Sargsyan, Anna M"]
[Result "1-0"]
[WhiteElo "2321"]
[BlackElo "2331"]
[PlyCount "95"]
[EventDate "2018.09.24"]
[EventType "team-swiss"]
[EventRounds "11"]
[EventCountry "GEO"]
[SourceTitle "Ajedrez en Madrid"]
[Source "lmi"]
[SourceDate "2018.09.24"]
[WhiteTeam "Italy"]
[BlackTeam "Armenia"]
[WhiteTeamCountry "ITA"]
[BlackTeamCountry "ARM"]

1. d4 d5 2. Nf3 Nf6 3. c4 c6 4. Nc3 dxc4 5. a4 Bf5 6. Ne5 Nbd7 7. Nxc4 Qc7 8.
g3 e5 9. dxe5 Nxe5 10. Bf4 Nfd7 11. Bg2 g5 12. Ne3 gxf4 13. Nxf5 O-O-O 14. Qc2
Kb8 15. O-O fxg3 16. hxg3 a5 17. Rfd1 h5 18. Rac1 Nc5 19. Rxd8+ Qxd8 20. Ne4
Nxe4 21. Qxe4 f6 22. Nd4 Qe8 23. f4 Bh6 24. Rc3 Ng4 25. Nxc6+ bxc6 26. Rb3+ Kc7
27. Qd4 Qc8 28. Rb6 Qe6 29. Rxc6+ Qxc6 30. Qa7+ Kd6 31. Bxc6 Kxc6 32. Qa6+ Kd7
33. Qb5+ Ke6 34. Qc4+ Ke7 35. Qc5+ Ke6 36. Qxh5 Rg8 37. e4 Ke7 38. Qc5+ Kf7 39.
Qc7+ Kf8 40. Qc8+ Kf7 41. Qc7+ Ke8 42. Qxa5 Bf8 43. Qb5+ Kf7 44. Qh5+ Ke7 45.
a5 Nh6 46. Qc5+ Kd7 47. Qd5+ Kc7 48. a6 1-0

[Event "43. Olimpiada Batumi 2018 Femenina"]
[Site "Batumi GEO"]
[Date "2018.09.27"]
[Round "4.4"]
[White "Kursova, Maria"]
[Black "Brunello, Marina"]
[Result "1/2-1/2"]
[WhiteElo "2289"]
[BlackElo "2294"]
[PlyCount "162"]
[EventDate "2018.09.24"]
[EventType "team-swiss"]
[EventRounds "11"]
[EventCountry "GEO"]
[SourceTitle "Ajedrez en Madrid"]
[Source "lmi"]
[SourceDate "2018.09.24"]
[WhiteTeam "Armenia"]
[BlackTeam "Italy"]
[WhiteTeamCountry "ARM"]
[BlackTeamCountry "ITA"]

1. d4 d5 2. Nf3 Nf6 3. c4 c6 4. Nc3 e6 5. e3 Nbd7 6. Bd3 dxc4 7. Bxc4 b5 8. Bd3
a6 9. a4 b4 10. Ne4 c5 11. dxc5 Nxc5 12. Nxc5 Bxc5 13. e4 e5 14. Qc2 Qd6 15.
Bg5 b3 16. Qxb3 Be6 17. Qc2 Bb4+ 18. Bd2 Rd8 19. Rd1 Qxd3 20. Qxd3 Rxd3 21.
Bxb4 Rxd1+ 22. Kxd1 Nxe4 23. Ke2 f6 24. Ke3 Bd5 25. Rd1 Bb7 26. Ba3 g5 27. Rd3
Ba8 28. Ne1 f5 29. Nf3 f4+ 30. Ke2 Kf7 31. Nxe5+ Ke6 32. Nc4 Rc8 33. b3 Re8 34.
f3 Nf6 35. Rd6+ Kf5+ 36. Kf2 Re6 37. Bb2 Bd5 38. Rd8 Bxc4 39. bxc4 Kg6 40. c5
Rc6 41. Bd4 Re6 42. a5 Kf7 43. g3 fxg3+ 44. hxg3 Ng8 45. Rb8 Ne7 46. Rb6 Nc6
47. Bc3 Ne7 48. Bd2 h6 49. g4 Rc6 50. Ke2 Ke6 51. Kd3 Kd5 52. Be3 Ng6 53. Rb8
Ne5+ 54. Ke2 Re6 55. Rd8+ Kc6 56. Kf2 Nc4 57. Bd4 Nxa5 58. Rh8 Nb3 59. Bg7 Nxc5
60. Bxh6 Nd3+ 61. Kg3 Rg6 62. Bf8 Nf4 63. Be7 Ne6 64. Kf2 Rg7 65. Bb4 Nf4 66.
Bc3 Rg6 67. Rf8 Kb5 68. Bd2 Nd3+ 69. Ke2 Nf4+ 70. Bxf4 gxf4 71. Rxf4 a5 72. Kd3
Rc6 73. Rf8 a4 74. Rb8+ Kc5 75. g5 a3 76. Kc3 Ra6 77. Rb1 a2 78. Ra1 Ra3+ 79.
Kb2 Rxf3 80. Rxa2 Rf2+ 81. Kb3 Rxa2 1/2-1/2

[Event "43. Olimpiada Batumi 2018 Femenina"]
[Site "Batumi GEO"]
[Date "2018.09.27"]
[Round "4.1"]
[White "Khademalsharieh, Sarasadat"]
[Black "Munguntuul, Batkhuyag"]
[Result "1/2-1/2"]
[WhiteElo "2431"]
[BlackElo "2422"]
[PlyCount "79"]
[EventDate "2018.09.24"]
[EventType "team-swiss"]
[EventRounds "11"]
[EventCountry "GEO"]
[SourceTitle "Ajedrez en Madrid"]
[Source "lmi"]
[SourceDate "2018.09.24"]
[WhiteTeam "Iran"]
[BlackTeam "Mongolia"]
[WhiteTeamCountry "IRI"]
[BlackTeamCountry "MGL"]

1. d4 d5 2. c4 c6 3. Nf3 Nf6 4. e3 Bf5 5. Nc3 e6 6. Nh4 Be4 7. f3 Bg6 8. Qb3
Qc7 9. Bd2 Be7 10. Nxg6 hxg6 11. cxd5 cxd5 12. O-O-O Nc6 13. Kb1 a6 14. Rc1 O-O
15. h4 Na5 16. Qd1 Nc4 17. g4 Rfc8 18. h5 g5 19. Bd3 b5 20. e4 b4 21. Ne2 Qa5
22. e5 Nxb2 23. Kxb2 Qa3+ 24. Ka1 Qxd3 25. exf6 Bxf6 26. Rxc8+ Rxc8 27. Bxb4
Qxf3 28. Rf1 Qxg4 29. h6 Qe4 30. hxg7 Bxg7 31. Bc3 Qe3 32. Bb2 Rc4 33. Rg1 Bf6
34. Rg3 Qe4 35. Qf1 Kg7 36. Rf3 Qg6 37. Rg3 Qe4 38. Rf3 Qg6 39. Rg3 Qe4 40. Rf3
1/2-1/2

[Event "43. Olimpiada Batumi 2018 Femenina"]
[Site "Batumi GEO"]
[Date "2018.09.27"]
[Round "4.2"]
[White "Nomin-Erdene, Davaademberel"]
[Black "Hejazipour, Mitra"]
[Result "1-0"]
[WhiteElo "2377"]
[BlackElo "2254"]
[PlyCount "133"]
[EventDate "2018.09.24"]
[EventType "team-swiss"]
[EventRounds "11"]
[EventCountry "GEO"]
[SourceTitle "Ajedrez en Madrid"]
[Source "lmi"]
[SourceDate "2018.09.24"]
[WhiteTeam "Mongolia"]
[BlackTeam "Iran"]
[WhiteTeamCountry "MGL"]
[BlackTeamCountry "IRI"]

1. e4 c5 2. Nf3 d6 3. d4 cxd4 4. Nxd4 Nf6 5. Nc3 a6 6. Be3 e5 7. Nf3 Be7 8. Bc4
O-O 9. O-O Nc6 10. Qe2 Be6 11. Bb3 Na5 12. Bg5 Nxb3 13. axb3 Ne8 14. Bxe7 Qxe7
15. Nd2 Nf6 16. Nc4 Qc7 17. Rfd1 Rfd8 18. Ne3 Rac8 19. Rd2 Qc5 20. Rad1 b5 21.
f3 Kf8 22. Ra1 b4 23. Ncd5 Nxd5 24. exd5 Bd7 25. Qf2 Bb5 26. Nd1 f5 27. c4 bxc3
28. bxc3 Qxf2+ 29. Kxf2 Rb8 30. Ne3 g6 31. Nc2 Rdc8 32. c4 Bd7 33. Rd3 Rb6 34.
Rc3 f4 35. g4 fxg3+ 36. hxg3 Bf5 37. Ne3 Rcb8 38. Ra3 h5 39. c5 dxc5 40. Nc4
Rf6 41. Nxe5 Rb5 42. Nc4 Rb8 43. d6 Bd7 44. Rxa6 Bb5 45. Ra5 Bxc4 46. bxc4 Rxd6
47. Rxc5 Re6 48. Rb5 Rc8 49. Rd5 Kf7 50. c5 Kf6 51. f4 Rec6 52. Ke3 h4 53. gxh4
Rh8 54. Rb3 Re6+ 55. Kf3 Rxh4 56. Rb6 Rh1 57. Rxe6+ Kxe6 58. Re5+ Kf6 59. Ke4
Re1+ 60. Kd5 Rd1+ 61. Kc6 Rd4 62. Rd5 Rxf4 63. Kd7 Kg7 64. c6 Rf7+ 65. Kd6 Rf6+
66. Kc5 Kh6 67. c7 1-0

[Event "43. Olimpiada Batumi 2018 Femenina"]
[Site "Batumi GEO"]
[Date "2018.09.27"]
[Round "4.3"]
[White "Alinasab, Mobina"]
[Black "Munkhzul, Turmunkh"]
[Result "0-1"]
[WhiteElo "2261"]
[BlackElo "2149"]
[PlyCount "114"]
[EventDate "2018.09.24"]
[EventType "team-swiss"]
[EventRounds "11"]
[EventCountry "GEO"]
[SourceTitle "Ajedrez en Madrid"]
[Source "lmi"]
[SourceDate "2018.09.24"]
[WhiteTeam "Iran"]
[BlackTeam "Mongolia"]
[WhiteTeamCountry "IRI"]
[BlackTeamCountry "MGL"]

1. e4 c5 2. Nf3 d6 3. d4 cxd4 4. Nxd4 Nf6 5. Nc3 a6 6. h3 e5 7. Nde2 h5 8. Bg5
Be6 9. Bxf6 Qxf6 10. Nd5 Qd8 11. Qd3 Nd7 12. O-O-O Rc8 13. Kb1 Bxd5 14. Qxd5
Qc7 15. Nc3 b5 16. Qd2 Nf6 17. Bd3 g6 18. f4 Bh6 19. Bxb5+ Ke7 20. Bxa6 Bxf4
21. Qd3 Rb8 22. Bc4 Qc5 23. Bb3 h4 24. Rhf1 Rhd8 25. Ne2 Bg5 26. Rxf6 Kxf6 27.
Qf3+ Kg7 28. Qxf7+ Kh6 29. Qe6 Rf8 30. a4 Rf6 31. Qd7 Qf2 32. Qg4 Qe3 33. Nc3
Rf2 34. Nb5 Rf4 35. Qe6 Qxe4 36. Nxd6 Qe2 37. Qd5 Be7 38. Qd3 Qxd3 39. Rxd3 e4
40. Rd4 Bxd6 41. Rxd6 Re8 42. Rd2 e3 43. Re2 Rf2 44. Bc4 Re4 45. Bd3 Rxe2 46.
Bxe2 Rxa4 47. c4 Kg5 48. Kc2 Kf4 49. Kd3 Ra2 50. Kc3 Ra1 51. Kd3 Ra2 52. Kc3
Kg3 53. Bf3 Kf2 54. c5 Ra1 55. b4 Rg1 56. b5 Rxg2 57. b6 Kxf3 0-1

[Event "43. Olimpiada Batumi 2018 Femenina"]
[Site "Batumi GEO"]
[Date "2018.09.27"]
[Round "4.4"]
[White "Batchimeg, Tuvshintugs"]
[Black "Asadi, Motahare"]
[Result "1-0"]
[WhiteElo "2367"]
[BlackElo "2135"]
[PlyCount "61"]
[EventDate "2018.09.24"]
[EventType "team-swiss"]
[EventRounds "11"]
[EventCountry "GEO"]
[SourceTitle "Ajedrez en Madrid"]
[Source "lmi"]
[SourceDate "2018.09.24"]
[WhiteTeam "Mongolia"]
[BlackTeam "Iran"]
[WhiteTeamCountry "MGL"]
[BlackTeamCountry "IRI"]

1. d4 Nf6 2. c4 e6 3. Nc3 c5 4. d5 exd5 5. cxd5 d6 6. e4 g6 7. f4 Bg7 8. Bb5+
Nfd7 9. Nf3 a6 10. Bd3 b5 11. O-O O-O 12. Kh1 Re8 13. f5 c4 14. Bc2 Nc5 15. a3
Nbd7 16. Bg5 Bf6 17. h4 Bxg5 18. hxg5 Ne5 19. Nxe5 Rxe5 20. Qg4 f6 21. gxf6
Qxf6 22. Rf3 g5 23. Ne2 h5 24. Qxh5 Nxe4 25. Ng3 Nd2 26. Rf2 Ra7 27. Qg6+ Qxg6
28. fxg6 Nb3 29. Raf1 Re8 30. Rf7 Rae7 31. Nh5 1-0

[Event "43. Olimpiada Batumi 2018 Femenina"]
[Site "Batumi GEO"]
[Date "2018.09.27"]
[Round "4.1"]
[White "Vo, Thi Kim Phung"]
[Black "Dzagnidze, Nana"]
[Result "0-1"]
[WhiteElo "2368"]
[BlackElo "2509"]
[PlyCount "100"]
[EventDate "2018.09.24"]
[EventType "team-swiss"]
[EventRounds "11"]
[EventCountry "GEO"]
[SourceTitle "Ajedrez en Madrid"]
[Source "lmi"]
[SourceDate "2018.09.24"]
[WhiteTeam "Vietnam"]
[BlackTeam "Georgia 1"]
[WhiteTeamCountry "VIE"]

1. d4 d5 2. c4 dxc4 3. Nf3 Nf6 4. e3 a6 5. Bxc4 e6 6. O-O c5 7. b3 b5 8. Be2
Bb7 9. Bb2 Nbd7 10. Nbd2 Be7 11. a4 b4 12. Nc4 O-O 13. Nfe5 cxd4 14. Nxd7 Nxd7
15. Qxd4 Bf6 16. Qd6 Bxb2 17. Nxb2 Qg5 18. Qg3 Qxg3 19. hxg3 Nc5 20. Bc4 a5 21.
Rfd1 Rfd8 22. Rd4 e5 23. Rdd1 Be4 24. Rac1 Rxd1+ 25. Rxd1 Bc2 26. Rd5 Rc8 27.
Rxe5 Bxb3 28. Bxb3 Nxb3 29. Rb5 Kf8 30. Nd3 Rc3 31. Nf4 Rc1+ 32. Kh2 Ra1 33.
Nd5 Ke8 34. Nb6 Kd8 35. e4 Kc7 36. Nd5+ Kd6 37. Rb7 Nd2 38. Rb6+ Kc5 39. Rb5+
Kd4 40. Nxb4 axb4 41. Rxb4+ Nc4 42. f3 h5 43. Rb5 g6 44. Rd5+ Ke3 45. Rd7 Ne5
46. Rb7 Nd3 47. a5 Nf2 48. Rb3+ Kd4 49. g4 h4 50. g3 h3 0-1

[Event "43. Olimpiada Batumi 2018 Femenina"]
[Site "Batumi GEO"]
[Date "2018.09.27"]
[Round "4.2"]
[White "Javakhishvili, Lela"]
[Black "Pham, Le Thao Nguyen"]
[Result "1/2-1/2"]
[WhiteElo "2475"]
[BlackElo "2347"]
[PlyCount "178"]
[EventDate "2018.09.24"]
[EventType "team-swiss"]
[EventRounds "11"]
[EventCountry "GEO"]
[SourceTitle "Ajedrez en Madrid"]
[Source "lmi"]
[SourceDate "2018.09.24"]
[WhiteTeam "Georgia 1"]
[BlackTeam "Vietnam"]
[BlackTeamCountry "VIE"]

1. c4 e6 2. Nc3 d5 3. d4 Bb4 4. e3 Nf6 5. a3 Be7 6. Bd3 O-O 7. Nf3 b6 8. cxd5
exd5 9. b4 Bb7 10. Ne5 Nbd7 11. Qc2 Bd6 12. f4 a6 13. Rb1 Qe7 14. O-O Rfb8 15.
Bd2 Nf8 16. Be1 Ng6 17. Ne2 Ne4 18. Nc6 Bxc6 19. Qxc6 Nf6 20. Bd2 Qe8 21. Qc2
Ne4 22. Be1 Nf6 23. Bd2 Ne4 24. Be1 Nf6 25. Rf3 Qe7 26. Nc3 c6 27. f5 Nf8 28.
Bh4 Qd8 29. g4 h6 30. Kh1 N8h7 31. Rg1 Be7 32. Bg3 Rc8 33. Bf4 c5 34. bxc5 bxc5
35. h4 cxd4 36. exd4 Ne4 37. Bxe4 dxe4 38. Qxe4 Bxh4 39. Qd5 Bf6 40. Qxd8+ Rxd8
41. Be5 Ra7 42. Re3 Rad7 43. Ne2 Re8 44. Nc3 Bg5 45. Re2 f6 46. Bh2 Rc8 47. Ne4
Rxd4 48. Nd6 Rf8 49. Nb7 Bf4 50. Bxf4 Rxf4 51. Nc5 Ng5 52. Ne6 Nxe6 53. fxe6
Re8 54. Kh2 f5 55. gxf5 Rxf5 56. Rd1 Rf6 57. Rd6 a5 58. Ra6 Re7 59. Kg3 Kh7 60.
a4 g5 61. Re4 Kg6 62. Re5 Rf8 63. Raxa5 Rfe8 64. Ra6 Kf6 65. Re1 Rxe6 66. Rf1+
Kg6 67. Rxe6+ Rxe6 68. a5 Ra6 69. Ra1 Kf5 70. Rh1 Kg6 71. Ra1 h5 72. Ra2 Kf5
73. Rf2+ Ke4 74. Ra2 Kd4 75. Ra1 Kc4 76. Rc1+ Kb4 77. Rh1 h4+ 78. Kg4 Rxa5 79.
Rb1+ Kc4 80. Rb8 Kd4 81. Rf8 Ke3 82. Rf3+ Ke2 83. Rf8 Re5 84. Rf7 Ke1 85. Rf3
Rd5 86. Ra3 Re5 87. Rf3 Ke2 88. Rf8 Kd2 89. Rf7 Ke1 1/2-1/2

[Event "43. Olimpiada Batumi 2018 Femenina"]
[Site "Batumi GEO"]
[Date "2018.09.27"]
[Round "4.3"]
[White "Hoang, Thi Bao Tram"]
[Black "Batsiashvili, Nino"]
[Result "0-1"]
[WhiteElo "2323"]
[BlackElo "2482"]
[PlyCount "74"]
[EventDate "2018.09.24"]
[EventType "team-swiss"]
[EventRounds "11"]
[EventCountry "GEO"]
[SourceTitle "Ajedrez en Madrid"]
[Source "lmi"]
[SourceDate "2018.09.24"]
[WhiteTeam "Vietnam"]
[BlackTeam "Georgia 1"]
[WhiteTeamCountry "VIE"]

1. d4 Nf6 2. c4 e6 3. Nf3 b6 4. g3 Bb7 5. Bg2 Bb4+ 6. Bd2 Be7 7. O-O O-O 8. Nc3
Ne4 9. Nxe4 Bxe4 10. Rc1 Bf6 11. b4 Nc6 12. e3 a6 13. Ne1 Bxg2 14. Kxg2 b5 15.
Qc2 Qb8 16. a4 Qb7 17. f3 bxc4 18. Qxc4 Rfb8 19. Nd3 Be7 20. Rb1 h5 21. Rfc1
Ra7 22. e4 Nd8 23. Qc2 Qa8 24. h4 Rab7 25. d5 Qa7 26. Bc3 c6 27. Nf4 Bxb4 28.
Ba1 Bf8 29. Rxb7 Qxb7 30. Qd2 exd5 31. exd5 cxd5 32. Nxd5 Ne6 33. Rd1 Qb3 34.
Ne3 Qxa4 35. f4 Qe4+ 36. Kh2 Rb3 37. Re1 Bb4 0-1

[Event "43. Olimpiada Batumi 2018 Femenina"]
[Site "Batumi GEO"]
[Date "2018.09.27"]
[Round "4.4"]
[White "Arabidze, Meri"]
[Black "Nguyen, Thi Mai Hung"]
[Result "1/2-1/2"]
[WhiteElo "2404"]
[BlackElo "2244"]
[PlyCount "90"]
[EventDate "2018.09.24"]
[EventType "team-swiss"]
[EventRounds "11"]
[EventCountry "GEO"]
[SourceTitle "Ajedrez en Madrid"]
[Source "lmi"]
[SourceDate "2018.09.24"]
[WhiteTeam "Georgia 1"]
[BlackTeam "Vietnam"]
[BlackTeamCountry "VIE"]

1. d4 d5 2. c4 c6 3. Nc3 Nf6 4. Nf3 e6 5. Bg5 dxc4 6. a4 Bb4 7. e4 Bxc3+ 8.
bxc3 Qa5 9. e5 Ne4 10. Rc1 Nd7 11. Be3 Nb6 12. Qc2 f5 13. exf6 Nxf6 14. Ra1
Nbd5 15. Bd2 b5 16. Be2 a6 17. O-O Qc7 18. Rfb1 Rb8 19. Bc1 O-O 20. Ba3 Rd8 21.
g3 Bd7 22. Ne5 Be8 23. Rc1 Nb6 24. Bb4 Nfd5 25. Bc5 Nd7 26. Nxd7 Qxd7 27. axb5
axb5 28. Ra7 Rb7 29. Rca1 Bg6 30. Qc1 Rxa7 31. Rxa7 Qe8 32. Bg4 h6 33. Qe1 Bf5
34. Qe5 Qg6 35. Bh5 Qf6 36. Qe1 Bh3 37. f4 Qf5 38. Bf3 Qc2 39. Ra3 Ne3 40. Qe2
Qc1+ 41. Kf2 Nd5 42. Qe1 Qb2+ 43. Qe2 Qc1 44. Qe1 Qb2+ 45. Qe2 Qc1 1/2-1/2

[Event "43. Olimpiada Batumi 2018 Femenina"]
[Site "Batumi GEO"]
[Date "2018.09.27"]
[Round "4.1"]
[White "Mammadzada, Gunay"]
[Black "Zatonskih, Anna"]
[Result "0-1"]
[WhiteElo "2438"]
[BlackElo "2431"]
[PlyCount "211"]
[EventDate "2018.09.24"]
[EventType "team-swiss"]
[EventRounds "11"]
[EventCountry "GEO"]
[SourceTitle "Ajedrez en Madrid"]
[Source "lmi"]
[SourceDate "2018.09.24"]
[WhiteTeam "Azerbaijan"]
[BlackTeam "United States of America"]
[WhiteTeamCountry "AZE"]

1. e4 e6 2. d4 d5 3. Nd2 c5 4. Ngf3 cxd4 5. Nxd4 Nf6 6. exd5 Nxd5 7. N2f3 Bb4+
8. Bd2 O-O 9. Bc4 Bxd2+ 10. Qxd2 Nb6 11. Be2 Qf6 12. Qg5 N8d7 13. Qxf6 Nxf6 14.
c4 Rd8 15. b3 Bd7 16. Ne5 Be8 17. Rd1 Nbd7 18. Nxd7 Rxd7 19. f3 Rad8 20. Nc2
Kf8 21. Kf2 Ke7 22. Ke3 Rxd1 23. Bxd1 Nd7 24. f4 a5 25. a3 f6 26. Bf3 Bg6 27.
Nd4 e5 28. fxe5 fxe5 29. Nb5 Nc5 30. b4 Rd3+ 31. Ke2 axb4 32. axb4 Ne6 33. Bxb7
Rb3 34. Rc1 Nf4+ 35. Kd2 Rd3+ 36. Ke1 Rb3 37. Rc3 Rxb4 38. Re3 Kf6 39. Nd6 Ke6
40. Nb5 Rxc4 41. Nc3 Rb4 42. Bf3 Rb2 43. Kf1 Bd3+ 44. Kg1 Rc2 45. Ne4 h6 46. h4
Be2 47. Nc5+ Rxc5 48. Bxe2 Kf5 49. Bf3 Rc4 50. g4+ Kf6 51. Kf2 Ne6 52. Ra3 Rb4
53. Ke3 Nc5 54. Ra5 Rb3+ 55. Ke2 Rc3 56. Kf2 e4 57. Be2 Ke5 58. Ra7 Ne6 59.
Ra5+ Rc5 60. Ra7 Rc7 61. Ra5+ Rc5 62. Ra7 g6 63. Re7 Rc2 64. Ke3 Rc3+ 65. Kd2
Rc8 66. g5 Rd8+ 67. Ke3 Kd6 68. Rh7 hxg5 69. Kxe4 Re8 70. Bb5 Rb8 71. Rd7+ Kc5
72. Rd5+ Kb4 73. Be2 gxh4 74. Bg4 Nc5+ 75. Kf4 Kc4 76. Rd6 Rf8+ 77. Ke3 Re8+
78. Kf4 Rf8+ 79. Ke3 Re8+ 80. Kf4 g5+ 81. Kf5 Ne4 82. Rd7 Rf8+ 83. Ke5 Re8+ 84.
Kf5 Nf2 85. Bh5 Re1 86. Kxg5 h3 87. Bf3 h2 88. Kf4 Nd3+ 89. Kg3 Ne5 90. Rc7+
Kd4 91. Bg2 h1=Q 92. Bxh1 Rxh1 93. Rc2 Ke3 94. Rc3+ Ke4 95. Kg2 Rh8 96. Rh3
Rg8+ 97. Rg3 Ra8 98. Rb3 Nd3 99. Rb7 Nf4+ 100. Kf2 Ra2+ 101. Ke1 Nd5 102. Rf7
Ke3 103. Kf1 Ra1+ 104. Kg2 Nf4+ 105. Kg3 Rg1+ 106. Kh4 0-1

[Event "43. Olimpiada Batumi 2018 Femenina"]
[Site "Batumi GEO"]
[Date "2018.09.27"]
[Round "4.2"]
[White "Krush, Irina"]
[Black "Mamedjarova, Zeinab"]
[Result "1-0"]
[WhiteElo "2423"]
[BlackElo "2358"]
[PlyCount "91"]
[EventDate "2018.09.24"]
[EventType "team-swiss"]
[EventRounds "11"]
[EventCountry "GEO"]
[SourceTitle "Ajedrez en Madrid"]
[Source "lmi"]
[SourceDate "2018.09.24"]
[WhiteTeam "United States of America"]
[BlackTeam "Azerbaijan"]
[BlackTeamCountry "AZE"]

1. c4 e6 2. d4 d5 3. Nc3 Nf6 4. cxd5 exd5 5. Bg5 c6 6. e3 Bf5 7. Qf3 Bg6 8.
Bxf6 gxf6 9. h4 h5 10. Nh3 Bb4 11. Qd1 Nd7 12. Nf4 Qa5 13. Qc1 Bd6 14. Be2 Nf8
15. Qd1 Qb6 16. Qd2 Ne6 17. g3 Nxf4 18. exf4 O-O-O 19. O-O Kb8 20. a3 Qc7 21.
b4 Ka8 22. Rfc1 Qd7 23. b5 Bf5 24. bxc6 bxc6 25. Na4 Rb8 26. Nc5 Qe7 27. Rc3
Qd8 28. Na6 Rb6 29. Rac1 Qc8 30. Nb4 Bxb4 31. axb4 Qd8 32. Rxc6 Rxc6 33. Rxc6
Qe7 34. b5 Qe4 35. Bf1 Rc8 36. Qc3 Kb8 37. Qc5 Rxc6 38. bxc6 Kc7 39. Bg2 Qe1+
40. Kh2 Be4 41. Qe7+ Kxc6 42. f3 Kb5 43. fxe4 Kc4 44. Qc5+ Kd3 45. exd5 Qb1 46.
d6 1-0

[Event "43. Olimpiada Batumi 2018 Femenina"]
[Site "Batumi GEO"]
[Date "2018.09.27"]
[Round "4.3"]
[White "Balajayeva, Khanim"]
[Black "Abrahamyan, Tatev"]
[Result "1-0"]
[WhiteElo "2326"]
[BlackElo "2361"]
[PlyCount "113"]
[EventDate "2018.09.24"]
[EventType "team-swiss"]
[EventRounds "11"]
[EventCountry "GEO"]
[SourceTitle "Ajedrez en Madrid"]
[Source "lmi"]
[SourceDate "2018.09.24"]
[WhiteTeam "Azerbaijan"]
[BlackTeam "United States of America"]
[WhiteTeamCountry "AZE"]

1. e4 e6 2. d4 d5 3. Nc3 Bb4 4. e5 Ne7 5. a3 Bxc3+ 6. bxc3 c5 7. Qg4 cxd4 8.
Qxg7 Rg8 9. Qxh7 Qc7 10. Ne2 Nbc6 11. h4 dxc3 12. Bf4 Bd7 13. h5 O-O-O 14. Qd3
d4 15. Nxd4 Nxd4 16. Qxd4 Bc6 17. Qxa7 Rg4 18. Be3 Nd5 19. f4 Nxf4 20. Bxf4
Rxf4 21. Qa8+ Kd7 22. O-O-O+ Bd5 23. Qa7 Qc6 24. Rd4 Rxd4 25. Qxd4 Kc7 26. h6
Bxg2 27. Bxg2 Qxg2 28. Qxc3+ Kb8 29. Re1 Qh2 30. Qe3 Rh8 31. Kb2 Qxh6 32. Qd4
Rc8 33. Qd6+ Ka7 34. Re4 Rc6 35. Ra4+ Ra6 36. Rxa6+ bxa6 37. Qc7+ Ka8 38. Qxf7
Qh3 39. Qc7 Qf5 40. a4 Qg4 41. Qc8+ Ka7 42. Qc5+ Ka8 43. a5 Qe2 44. Ka3 Qe1 45.
Qc6+ Kb8 46. Qb6+ Ka8 47. Qxa6+ Kb8 48. Qb5+ Ka8 49. Kb2 Qe4 50. a6 Qd4+ 51.
Ka2 Qb6 52. Qe8+ Ka7 53. Qd7+ Kxa6 54. Qd6 Kb7 55. Qxb6+ Kxb6 56. Kb3 Kc5 57.
c4 1-0

[Event "43. Olimpiada Batumi 2018 Femenina"]
[Site "Batumi GEO"]
[Date "2018.09.27"]
[Round "4.4"]
[White "Yu, Jennifer"]
[Black "Mammadova, Gulnar"]
[Result "1/2-1/2"]
[WhiteElo "2268"]
[BlackElo "2355"]
[PlyCount "73"]
[EventDate "2018.09.24"]
[EventType "team-swiss"]
[EventRounds "11"]
[EventCountry "GEO"]
[SourceTitle "Ajedrez en Madrid"]
[Source "lmi"]
[SourceDate "2018.09.24"]
[WhiteTeam "United States of America"]
[BlackTeam "Azerbaijan"]
[BlackTeamCountry "AZE"]

1. c4 f5 2. g3 g6 3. Bg2 Bg7 4. Nc3 Nf6 5. d3 d6 6. Rb1 O-O 7. e3 e5 8. Nge2 c6
9. O-O Be6 10. b4 d5 11. cxd5 Nxd5 12. Nxd5 Bxd5 13. Bxd5+ Qxd5 14. Qb3 Qxb3
15. Rxb3 Nd7 16. Ba3 Rfd8 17. Rc1 Rac8 18. Bb2 Nb6 19. d4 exd4 20. Bxd4 Bxd4
21. Nxd4 Kf7 22. Kf1 Rd5 23. Ke2 Re8 24. Nf3 Red8 25. Rc2 Kf6 26. h4 h6 27. Rd2
Rxd2+ 28. Nxd2 g5 29. hxg5+ hxg5 30. Rd3 Nd5 31. a3 a6 32. Nb3 Re8 33. Nc5 Re7
34. Kd2 Rh7 35. Ke2 Re7 36. Kd2 Rh7 37. Ke2 1/2-1/2

[Event "43. Olimpiada Batumi 2018 Femenina"]
[Site "Batumi GEO"]
[Date "2018.09.27"]
[Round "4.1"]
[White "Muzychuk, Anna"]
[Black "Unuk, Laura"]
[Result "1-0"]
[WhiteElo "2555"]
[BlackElo "2299"]
[PlyCount "69"]
[EventDate "2018.09.24"]
[EventType "team-swiss"]
[EventRounds "11"]
[EventCountry "GEO"]
[SourceTitle "Ajedrez en Madrid"]
[Source "lmi"]
[SourceDate "2018.09.24"]
[WhiteTeam "Ukraine"]
[BlackTeam "Slovenia"]
[WhiteTeamCountry "UKR"]
[BlackTeamCountry "SLO"]

1. e4 e6 2. d4 d5 3. Nc3 Bb4 4. e5 c5 5. a3 Bxc3+ 6. bxc3 Qa5 7. Bd2 Qa4 8. Qg4
g6 9. Nf3 Nc6 10. Qf4 c4 11. Be2 Bd7 12. Ng5 Nd8 13. Ra2 h6 14. Qh4 Nc6 15. O-O
Nce7 16. g4 Qa6 17. a4 Kf8 18. Nf3 Kg7 19. h3 Rf8 20. Bc1 f5 21. exf6+ Rxf6 22.
Qg3 Qa5 23. Bf4 Be8 24. Be5 Nc6 25. g5 hxg5 26. Bxf6+ Nxf6 27. Nxg5 Bf7 28. Rb1
Nd8 29. Rb5 Qa6 30. Rab2 Re8 31. Qc7 Qc6 32. Rxb7 Qxc7 33. Rxc7 Nh5 34. Bxh5
gxh5 35. Rb8 1-0

[Event "43. Olimpiada Batumi 2018 Femenina"]
[Site "Batumi GEO"]
[Date "2018.09.27"]
[Round "4.2"]
[White "Janzelj, Lara"]
[Black "Muzychuk, Mariya"]
[Result "0-1"]
[WhiteElo "2254"]
[BlackElo "2533"]
[PlyCount "60"]
[EventDate "2018.09.24"]
[EventType "team-swiss"]
[EventRounds "11"]
[EventCountry "GEO"]
[SourceTitle "Ajedrez en Madrid"]
[Source "lmi"]
[SourceDate "2018.09.24"]
[WhiteTeam "Slovenia"]
[BlackTeam "Ukraine"]
[WhiteTeamCountry "SLO"]
[BlackTeamCountry "UKR"]

1. d4 Nf6 2. c4 g6 3. Nc3 d5 4. cxd5 Nxd5 5. e4 Nxc3 6. bxc3 Bg7 7. Qa4+ Bd7 8.
Qa3 O-O 9. Nf3 Bg4 10. Be2 e5 11. dxe5 Bxf3 12. Bxf3 Nc6 13. O-O Bxe5 14. Rb1
b6 15. Be2 Qf6 16. f4 Bxc3 17. e5 Bd4+ 18. Kh1 Qe6 19. Qa4 Bc5 20. Bb2 Ne7 21.
Bc4 Qf5 22. Bb3 Rad8 23. Rbd1 c6 24. e6 f6 25. Rxd8 Rxd8 26. Qxa7 Kg7 27. h3
Rd2 28. Bc3 Rd3 29. Bxf6+ Qxf6 30. Qb8 Rd2 0-1

[Event "43. Olimpiada Batumi 2018 Femenina"]
[Site "Batumi GEO"]
[Date "2018.09.27"]
[Round "4.3"]
[White "Ushenina, Anna"]
[Black "Krivec, Jana"]
[Result "1-0"]
[WhiteElo "2451"]
[BlackElo "2185"]
[PlyCount "103"]
[EventDate "2018.09.24"]
[EventType "team-swiss"]
[EventRounds "11"]
[EventCountry "GEO"]
[SourceTitle "Ajedrez en Madrid"]
[Source "lmi"]
[SourceDate "2018.09.24"]
[WhiteTeam "Ukraine"]
[BlackTeam "Slovenia"]
[WhiteTeamCountry "UKR"]
[BlackTeamCountry "SLO"]

1. d4 d6 2. Nf3 Bg4 3. e4 Nd7 4. Be2 e5 5. O-O Be7 6. Nc3 c6 7. a4 Ngf6 8. Be3
O-O 9. Nd2 Bxe2 10. Qxe2 Ne8 11. Nc4 Nb6 12. Rad1 Nxc4 13. Qxc4 Qc8 14. Rd2
exd4 15. Bxd4 Qe6 16. Qd3 f5 17. Re2 f4 18. f3 a6 19. a5 Nc7 20. Na4 Bf6 21.
Bb6 Rac8 22. Rd1 Ne8 23. Bd4 Rd8 24. Nb6 Be7 25. Qc4 Qxc4 26. Nxc4 Kf7 27. Red2
Ke6 28. Bc3 Nf6 29. Bb4 Ne8 30. Rd3 Rf7 31. Kf1 g5 32. Re1 Bf8 33. Kf2 Bg7 34.
Red1 Bf8 35. Nb6 Nc7 36. Na4 Rfd7 37. c4 Bg7 38. R1d2 Bf8 39. b3 Rf7 40. Ba3
Rfd7 41. e5 d5 42. Bxf8 Rxf8 43. Nc5+ Ke7 44. Nxd7 Kxd7 45. Rd1 Ke6 46. h4 h6
47. hxg5 hxg5 48. Rh1 Rf7 49. Rdd1 Kxe5 50. Rh6 Rg7 51. g4 fxg3+ 52. Kxg3 1-0